Bezpečnosť a ochrana zdravia pri práci na vyhradených technických zariadeniach elektrických

Na minha lista:
Detalhes bibliográficos
Autor principal: Zaťko, Peter, 1989- (Author)
Outros Autores: Martinka, Jozef, 1983- (Thesis advisor)
Formato: Manuscrito Livro
Idioma:eslovaco
Publicado em: 2015
Assuntos:
Acesso em linha:http://is.stuba.sk/zp/portal_zp.pl?podrobnosti=110867
Tags: Adicionar Tag
Sem tags, seja o primeiro a adicionar uma tag!

MARC

LEADER 00000ntm a22000003a 4500
001 stuzp52343
003 SK-STU
005 20160719154136.5
007 ta
008 150427s2015----xo-----f-mn---000-0-slo-d
040 |a STU  |b slo 
041 0 |a slo 
100 1 |a Zaťko, Peter,  |d 1989-  |u 065000  |4 aut  |U MTF Materiálovotechnologická fakulta  |T MTF Ústav bezpečnosti, environmentu a kvality  |X 51325  |U M5000  |Y 85  |7 A000051325 
242 0 1 |a Occupational safety and health on technical electrical equipment  |y eng 
245 1 0 |a Bezpečnosť a ochrana zdravia pri práci na vyhradených technických zariadeniach elektrických 
260 |c 2015 
650 4 |a vyhradené technické zariadenia elektrické  |2 slo 
650 4 |a odborná spôsobilosť  |2 slo 
650 4 |a technické normy  |2 slo 
650 4 |a úrazy elektrickým prúdom  |2 slo 
650 4 |a prvá pomoc  |2 slo 
650 4 |a bezpečnosť práce  |2 slo 
650 4 |a Occupational safety and health on technical electrical equipment  |2 eng 
650 4 |a professional qualifications  |2 eng 
650 4 |a technical standards  |2 eng 
650 4 |a first aid  |2 eng 
650 4 |a safety  |2 eng 
650 4 |a electrical shock  |2 eng 
700 1 |a Martinka, Jozef,  |d 1983-  |4 ths  |X 45163  |7 A000045163 
856 4 |u http://is.stuba.sk/zp/portal_zp.pl?podrobnosti=110867 
996 |c M* DP-12524  |l MMSKP  |s P  |a 0  |w stuzp52343_0001 
SQL |a stuzp52343  |b DDP  |c SLO  |d Bezpečnosť a ochrana zdravia pri práci na vyhradených technických zariadeniach elektrických  |e 51325  |f Zaťko, Peter  |g 065000  |h 45163  |i Martinka, Jozef  |j 20150601  |k 670  |l 06  |m http://is.stuba.sk/zp/portal_zp.pl?podrobnosti=110867  |n I-IBE  |o 8.3.5. bezpečnosť a ochrana zdravia pri práci